| 000 | 00466nam a2200169Ia 4500 | ||
|---|---|---|---|
| 005 | 20250508151814.0 | ||
| 008 | 008 250505s9999 xx 000 0 eng d | ||
| 020 | _a92-3-101129-4 | ||
| 037 | _aBooks to be hide in OPAC | ||
| 040 |
_aFEDL _beng _cFEDL |
||
| 041 |
_aeng _2eng |
||
| 084 |
_a370, GHO/O _qFEDL |
||
| 100 |
_aGhosh Kshetnrapal Das _9760018 |
||
| 245 | 0 | _aAmader siksha (Education) | |
| 942 |
_cHB _h370, GHO/O |
||
| 999 |
_c1332230 _d1332230 |
||